Holiday Quiz

Random Holiday Quiz

The Grinch Quiz Stats

 Plays Quiz not verified by Sporcle

Challenge
Share
Tweet
Embed
Score 0/26 Timer 10:00
0 Plays Today
question answer % Correct
What is the name of the small Who that interrupts the Grinch?Cindy Lou Who
76.9%
What is the name of the above answer?max
69.5%
Who carved the roast beast?The Grinch
63.5%
What did the Grinch take the last can of?who hash
56.9%
Who does he turn in to a reindeer?his dog
55.2%
What is the first thing to go at the first Who house?the stockings
44.7%
What is a feast the Grinch can't stand in the least?roast beast
40.6%
What year was the original airing of the show?1966
38.5%
How old is the above answer?not more than two
38.2%
Who was the narrator of the TV show?Boris Karloff
33.6%
When the Grinch is done puzzling, what is sore?his puzzler
30.5%
How big was the speck of food that he left?Too small for a mouse
29.4%
Maybe christmas....doesn't come from a store
26%
question answer % Correct
How old is the Grinch?53
20.6%
What do the Who's do that surprises the Grinch?start singing
18.5%
What are the reasons that the Grinch hates christmas?His shoes were too tight
15.8%
How many sizes did the Grinch's heart grow that day?3 sizes
15.8%
Maybe christmas....perhaps, means a little bit more
15.3%
What is the last thing the Grinch took?The log for their fire
13.7%
Who sang the songs?Thurl Ravenscroft
10.9%
What time was it when he was done?A quarter past dawn
9.7%
What was left?some hooks and some wire
8.8%
Perhaps the most likely reason of all?His heart ws two sizes too small
7.1%
How tall is Mount Crumpit?3000 feet
6.3%
and?His head wasn't screwed on quite right
3.6%
What lie does he tell the little Who when asked why he is taking the tree?theres a light that wont light on one side
2.9%

You're not logged in!

Compare scores with friends on all Sporcle quizzes.
OR
Log In

You Might Also Like...

Show Comments

Extras

Created Dec 18, 2009ReportNominate
Tags:grinch, The Grinch

Top Quizzes Today


Score Distribution

Your Account Isn't Verified!

In order to create a playlist on Sporcle, you need to verify the email address you used during registration. Go to your Sporcle Settings to finish the process.

Report this User

Report this user for behavior that violates our Community Guidelines.

Details: